000 00474nam a2200193Ia 4500
005 20240823044658.0
008 240823s9999||||xx |||||||||||||| ||und||
020 _a978-81-203-2861-2
041 _aENGLISH
082 _A511.322 P8
100 _aGanesh M
245 0 _aIntroduction to Fuzzy Sets and Fuzzy Logic
250 _a1st
260 _c2008
_b"PHI,New "
_aNew Delhi
500 _aTRANSFERED
650 _aFuzzy
_bMathematics
942 _cBK
999 _c213167
_d213167